Statistics for 10 Most Subscribed Youtube Channels

Click here to take the quiz!

General Stats

  • This quiz has been taken 3 times
  • The average score is 3 of 10

Answer Stats

SubsChannel% Correct
179MT-Series
100%
111MCocomelon
100%
110MPewDiPie
50%
103MSET India
50%
78.2MKids Diana
0%
76.8MWWE
0%
73.6MLike Nastya
0%
72.5MZee Music Company
0%
72.3M5-Minute Crafts
0%
67.2MVlad and Niki
0%

Score Distribution

Percentile by Number Answered

Percent of People with Each Score

Your Score History

You have not taken this quiz